Joining the Great War, April 1917-April 1918 /
| Main Author: | |
|---|---|
| Format: | Government Document eBook |
| Language: | English |
| Published: |
Washington, D.C. :
Center of Military History, United States Army,
2017.
|
| Series: | U.S. Army campaigns of World War I.
CMH pub ; 77-3. |
| Subjects: | |
| Online Access: | https://purl.fdlp.gov/GPO/gpo79429 http://purl.fdlp.gov/GPO/gpo79429 |
MARC
| Tag | First Indicator | Second Indicator | Subfields |
|---|---|---|---|
| LEADER | 00000cam a2200000 i 4500 | ||
| 001 | in00003832607 | ||
| 005 | 20180129103333.0 | ||
| 006 | m o d f | ||
| 007 | cr ||||||||||| | ||
| 008 | 170410s2017 dcuab ob f000 0 eng c | ||
| 035 | |a (OCoLC)ocn982056512 | ||
| 037 | |a PIN : 201410-000 |b CMH | ||
| 042 | |a pcc | ||
| 043 | |a n-us--- | ||
| 040 | |a GPO |b eng |e rda |e pn |c GPO |d OCLCO |d MERUC |d OCLCF |d GPO |d AZP |d TFW |d GPO |d MvI | ||
| 049 | |a WWW | ||
| 074 | |a 0344-G-08 (online) | ||
| 086 | 0 | |a D 114.7/6:J 66 |z D 114.7/6:J 67 | |
| 100 | 1 | |a Setzekorn, Eric B., |e author. | |
| 245 | 1 | 0 | |a Joining the Great War, April 1917-April 1918 / |c by Eric B. Setzekorn. |
| 264 | 1 | |a Washington, D.C. : |b Center of Military History, United States Army, |c 2017. | |
| 300 | |a 1 online resource (75 pages) : |b illustrations, color maps. | ||
| 336 | |a text |b txt |2 rdacontent | ||
| 337 | |a computer |b c |2 rdamedia | ||
| 338 | |a online resource |b cr |2 rdacarrier | ||
| 490 | 1 | |a CMH Pub ; |v 77-3 | |
| 490 | 1 | |a U.S. Army campaigns of World War I | |
| 500 | |a "PIN : 201410-000." | ||
| 500 | |a "Cambrai 1917, Somme Defensive 1918."--Page 4 of cover. | ||
| 504 | |a Includes bibliographical references (page 75). | ||
| 588 | |a Description based on online resource, PDF version; title from title page (viewed April 10, 2017). | ||
| 610 | 1 | 0 | |a United States. |b Army. |b American Expeditionary Forces |x History. |
| 610 | 1 | 7 | |a United States. |b Army. |b American Expeditionary Forces. |2 fast |0 (OCoLC)fst00589449 |
| 611 | 0 | 7 | |a Cambrai, Battle of (France : 1917) |2 fast |0 (OCoLC)fst00844670 |
| 611 | 0 | 7 | |a Somme, 1st Battle of the (France : 1916) |2 fast |0 (OCoLC)fst01125774 |
| 611 | 2 | 7 | |a World War (1914-1918) |2 fast |0 (OCoLC)fst01180746 |
| 650 | 0 | |a World War, 1914-1918 |x Campaigns |z Western Front. | |
| 650 | 0 | |a Somme, 1st Battle of the, France, 1916. | |
| 650 | 0 | |a Cambrai, Battle of, Cambrai, France, 1917. | |
| 650 | 0 | |a World War, 1914-1918 |z United States. | |
| 650 | 7 | |a Military campaigns. |2 fast |0 (OCoLC)fst01710190 | |
| 651 | 7 | |a France. |2 fast |0 (OCoLC)fst01204289 | |
| 651 | 7 | |a France |z Cambrai. |2 fast |0 (OCoLC)fst01213529 | |
| 651 | 7 | |a United States. |2 fast |0 (OCoLC)fst01204155 | |
| 651 | 7 | |a Western Front (World War (1914-1918)) |2 fast |0 (OCoLC)fst01900003 | |
| 648 | 7 | |a 1914-1918 |2 fast | |
| 655 | 7 | |a History. |2 fast |0 (OCoLC)fst01411628 | |
| 710 | 2 | |a Center of Military History, |e issuing body. | |
| 776 | 0 | 8 | |i Print version: |a Setzekorn, Eric B. |t Joining the Great War, April 1917-April 1918 |w (OCoLC)986529544 |
| 830 | 0 | |a U.S. Army campaigns of World War I. | |
| 830 | 0 | |a CMH pub ; |v 77-3. | |
| 856 | 4 | 0 | |u https://purl.fdlp.gov/GPO/gpo79429 |t 0 |
| 856 | 4 | 0 | |u http://purl.fdlp.gov/GPO/gpo79429 |t 0 |
| 999 | f | f | |s bb9ec709-73c7-38ef-af90-7502f6a7c8ce |i 1e71574e-bde1-36ac-bcba-f39f72639745 |t 0 |
| 952 | f | f | |a Texas A&M University |b College Station |c Electronic Resources |d Available Online |t 0 |e D 114.7/6:J 67 |h Superintendent of Documents classification |
| 998 | f | f | |a D 114.7/6:J 67 |t 0 |l Available Online |